Every Lamborghini Murciélago model ever - Statistics

General Stats
  • This quiz has been taken 18 times
  • The average score is 4 of 6
Answer Stats
Picture Answer % Correct
Lamborghini Murciélago
88%
Lamborghini Murciélago LP670-4 SuperVeloce
75%
Lamborghini Murciélago Roadster
75%
Lamborghini Murciélago LP640
63%
Lamborghini Murciélago LP640 Roadster
38%
Lamborghini Murciélago 40th Anniversary
25%
No matching quizzes found
Score Distribution
Percent of People with Each Score
Percentile by Number Answered
Your Score History
You have not taken this quiz